000
00317nam a22001457a 4500
008
210305b ||||| |||| 00| 0 eng d
020
_a
2900495067428
041
_a
eng
080
_a
541
082
_2
541
100
_a
12
101
_a
KIM
245
_a
Chemistry and Biochemistry
_c
Thomson
942
_2
udc
_c
BK
999
_c
55788
_d
55788